[Event "20th 4NCL Congress"]
[Site "Nottingham"]
[Date "2018.09.30"]
[Round "4"]
[Board "15"]
[White "Di-Vetta, Andrew"]
[Black "Reed, John"]
[Result "1/2-1/2"]
[WhiteElo "1681"]
[BlackElo "1902"]
[PlyCount "130"]
[EventDate "2018.09.28"]
[EventRounds "5"]
[EventCountry "ENG"]

1. e4 e5 2. Nf3 Nc6 3. Bb5 a6 4. Ba4 d6 5. c3 Bd7 6. O-O Nf6 7. d3 g6 8. Nbd2
Bg7 9. Re1 O-O 10. Nf1 Re8 11. Ne3 h6 12. Rb1 b5 13. Bb3 Na5 14. Bc2 c5 15. Bd2
Qc7 16. b4 Nc6 17. a3 cxb4 18. cxb4 Rac8 19. Bb3 Qb6 20. h3 Nd4 21. Nxd4 Qxd4
22. Qe2 Be6 23. Nc2 Qa7 24. Bxe6 fxe6 25. Na1 Qf7 26. Rec1 Qd7 27. Nb3 Kh7 28.
Qe3 Rxc1+ 29. Rxc1 Rc8 30. Qe1 Bf8 31. Na5 Nh5 32. Rxc8 Qxc8 33. Qc1 Qxc1+ 34.
Bxc1 Nf4 35. Bxf4 exf4 36. Nc6 Bg7 37. d4 Kg8 38. Kf1 Kf8 39. Ke2 Ke8 40. Kd3
Kd7 41. Na5 Bf8 42. Nb3 Be7 43. e5 d5 44. Ke2 g5 45. Kf3 h5 46. h4 g4+ 47. Kxf4
Bxh4 48. g3 Be7 49. f3 gxf3 50. Kxf3 Ke8 51. Kf4 Kd7 52. g4 hxg4 53. Kxg4 Ke8
54. Kh5 Kf7 55. Na5 Bd8 56. Nc6 Bb6 57. Kg5 Kg7 58. Kf4 Kf7 59. Ke3 Bc7 60. Kd3
Ke8 61. Kc3 Kd7 62. Na5 Bxa5 63. bxa5 Kc7 64. Kb4 Kc6 65. Kc3 Kb7  1/2-1/2

[Event "20th 4NCL Congress"]
[Site "Nottingham"]
[Date "2018.09.30"]
[Round "4"]
[Board "16"]
[White "Graham, Neil"]
[Black "Nandi, Robin J"]
[Result "0-1"]
[WhiteElo "1779"]
[BlackElo "1898"]
[PlyCount "74"]
[EventDate "2018.09.28"]
[EventRounds "5"]
[EventCountry "ENG"]

1. d4 Nf6 2. f3 d5 3. e4 dxe4 4. Nc3 exf3 5. Nxf3 Bg4 6. h3 Bxf3 7. Qxf3 c6 8.
g4 e6 9. g5 Nd5 10. Bc4 Be7 11. Rf1 Rf8 12. h4 Nd7 13. Nxd5 exd5 14. Bd3 g6 15.
Bf4 Qa5+ 16. Bd2 Qc7 17. O-O-O O-O-O 18. Rde1 Bd6 19. Qg4 Kb8 20. c4 f5 21. Qf3
dxc4 22. Bxc4 Nb6 23. Bb3 Rfe8 24. Kb1 Bg3 25. Rxe8 Rxe8 26. h5 Qd6 27. hxg6
hxg6 28. Bf7 Re4 29. Bb4 $11 Qf4 30. Qh1 Qe3 31. Rf3 Qxg5 32. Qh8+ Nc8 33. Qf8
Bc7 34. Rf1 Qe3 35. Rh1 Rxd4 36. Rh8 Rd1+ 37. Kc2 Qd3#  0-1

[Event "20th 4NCL Congress"]
[Site "Nottingham"]
[Date "2018.09.30"]
[Round "4"]
[Board "17"]
[White "Ruane, Brendan J"]
[Black "Homer, Neil S"]
[Result "1-0"]
[WhiteElo "1871"]
[BlackElo "1746"]
[PlyCount "163"]
[EventDate "2018.09.28"]
[EventRounds "5"]
[EventCountry "ENG"]

1. e4 c6 2. d3 d5 3. Nd2 e5 4. Ngf3 Bg4 5. h3 Bxf3 6. Qxf3 Nf6 7. g3 Nbd7 8.
Bg2 d4 9. O-O Bd6 10. Qe2 O-O 11. f4 Bc7 12. f5 Rc8 13. g4 g6 14. Rf2 Bb8 15.
Nf1 Qb6 16. Ng3 Kh8 17. Bf1 Rg8 18. Kh1 g5 19. b3 c5 20. Bg2 Qd6 21. a4 a5 22.
Bd2 b6 23. Bf3 h6 24. Rh2 Nh7 25. Kg2 f6 26. Rah1 Rc6 27. h4 Qf8 28. Kf1 Bc7
29. Rh3 Bd8 30. Qh2 Be7 31. hxg5 fxg5 32. Rxh6 Rxh6 33. Qxh6 Qxh6 34. Rxh6 Kg7
35. Re6 Kf7 36. Nh5 Nhf8 37. Rc6 Nh7 38. Kg2 Nhf6 39. Ng3 Ne8 40. Ne2 Rh8 41.
Ng1 Rh7 42. Kg3 Rg7 43. Bg2 Rg8 44. Nf3 Rg7 45. Bh3 Bf6 46. Kg2 Rg8 47. Be1 Rg7
48. Bg3 Kf8 49. Nd2 Bd8 50. Kf3 Rh7 51. Bg2 Rg7 52. Nc4 Bc7 53. Be1 Rf7 54. Bd2
Rg7 55. Kg3 Rg8 56. Kf3 Rg7 57. c3 Rg8 58. Be1 Kf7 59. Ke2 Rg7 60. Rh6 Nef6 61.
Bf3 Rh7 62. Rxh7+ Nxh7 63. b4 dxc3 64. bxa5 c2 65. Kd2 bxa5 66. Kxc2 Nb6 67.
Kb3 Nxc4 68. Kxc4 Nf6 69. Kxc5 Ke7 70. Bd2 Nh7 71. Kb5 Kf6 72. Bxa5 Bxa5 73.
Kxa5 Ke7 74. Kb6 Nf8 75. Bd1 Nd7+ 76. Kc6 Nb8+ 77. Kb7 Nd7 78. Kc6 Nb8+ 79. Kd5
Kf6 80. a5 Na6 81. Ba4 Nb4+ 82. Kc4  1-0

[Event "20th 4NCL Congress"]
[Site "Nottingham"]
[Date "2018.09.30"]
[Round "4"]
[Board "18"]
[White "Lohia, Sohum"]
[Black "Smith, Lynda"]
[Result "0-1"]
[WhiteElo "1316"]
[BlackElo "1836"]
[PlyCount "98"]
[EventDate "2018.09.28"]
[EventRounds "5"]
[EventCountry "ENG"]

1. e4 c5 2. Nf3 g6 3. d4 cxd4 4. Qxd4 Nf6 5. Nc3 Nc6 6. Qa4 d6 7. e5 dxe5 8.
Nxe5 Qd4 9. Nxc6 Qxa4 10. Nxa4 bxc6 11. Be3 Bg7 12. O-O-O O-O 13. Be2 Nd5 14.
Bc5 Bb7 15. Bf3 Rfe8 16. Rhe1 e6 17. Kb1 Ba6 18. Be2 Bb5 19. Bxb5 cxb5 20. c4
$11 bxc4 21. Rc1 c3 22. Nxc3 Nxc3+ 23. bxc3 Red8 24. Kc2 Rac8 25. Be3 Bxc3 26.
Red1 Bd4+ 27. Kd3 Bxe3+ 28. Kxe3 Kf8 29. Rxc8 Rxc8 30. Rd7 Rc3+ 31. Kd4 Ra3 32.
g3 Rxa2 33. Ke3 a5 34. Ra7 Kg7 35. h3 a4 36. Ra5 Kf6 37. h4 h5 38. f3 Ra1 39.
Kf4 a3 40. g4 hxg4 41. Kxg4 a2 42. Kf4 e5+ 43. Rxe5 Rh1 44. Ra5 a1=Q 45. Rxa1
Rxa1 46. Kg4 Ra4+ 47. Kg3 Kf5 48. Kf2 Kf4 49. Kg2 Ra3  0-1

[Event "20th 4NCL Congress"]
[Site "Nottingham"]
[Date "2018.09.30"]
[Round "4"]
[Board "19"]
[White "Cherupalli, Ramprasad"]
[Black "Sheikh, Anum"]
[Result "1-0"]
[WhiteElo "1825"]
[BlackElo "1686"]
[PlyCount "55"]
[EventDate "2018.09.28"]
[EventRounds "5"]
[EventCountry "ENG"]

1. c4 f5 2. Nf3 Nf6 3. Nc3 d6 4. d4 g6 5. Bg5 Bg7 6. Qd2 h6 7. Bxf6 Bxf6 8. e4
Bg7 9. Nh4 e5 10. Nxg6 exd4 11. Nd5 Rh7 12. Bd3 c6 13. Nde7 fxe4 14. Bxe4 Bf6
15. Nxc8 Qxc8 16. O-O Nd7 17. Rae1 Kd8 18. Bf5 Rf7 19. Qxh6 Kc7 20. Be6 Rg7 21.
c5 Qe8 22. cxd6+ Kb6 23. Bxd7 Qxd7 24. Ne5 Bxe5 25. Rxe5 Rag8 26. g3 Rg6 27.
Qd2 c5 28. b4  1-0

[Event "20th 4NCL Congress"]
[Site "Nottingham"]
[Date "2018.09.30"]
[Round "4"]
[Board "20"]
[White "Arlachova, Alexandra"]
[Black "Robinson, John K"]
[Result "1/2-1/2"]
[WhiteElo "1397"]
[BlackElo "1990"]
[PlyCount "76"]
[EventDate "2018.09.28"]
[EventRounds "5"]
[EventCountry "ENG"]

1. e4 Nf6 2. Nc3 d6 3. Nf3 g6 4. Bc4 Bg7 5. d4 Bg4 6. Bf4 Nc6 7. Bb5 O-O 8.
Bxc6 bxc6 9. O-O Nd7 10. h3 Bxf3 11. Qxf3 Bxd4 12. Rad1 Bg7 13. Rfe1 Rb8 14. b3
e5 15. Be3 Nb6 16. a4 a5 17. Rd2 Qe8 18. Red1 f5 19. Qe2 fxe4 20. Nxe4 d5 21.
Nc5 Qe7 22. c3 Ra8 23. Qg4 Rf5 24. Re1 Nd7 25. Nxd7 Qxd7 26. c4 d4 27. Bg5 Qd6
28. Rd3 Raf8 29. f3 R5f7 30. Re4 Rf5 31. Bd2 Ra8 32. f4 Qa3 33. Re1 Qa2 34. Qf3
Raf8 35. g3 Kh8 36. Bxa5 exf4 37. Bxc7 fxg3 38. Qxg3 Rc8  1/2-1/2

[Event "20th 4NCL Congress"]
[Site "Nottingham"]
[Date "2018.09.30"]
[Round "4"]
[Board "21"]
[White "Obi, Marc On"]
[Black "Radford, Mark Sr"]
[Result "1-0"]
[WhiteElo "1812"]
[BlackElo "1666"]
[PlyCount "57"]
[EventDate "2018.09.28"]
[EventRounds "5"]
[EventCountry "ENG"]

1. d4 e6 2. c4 Nf6 3. g3 d5 4. Qc2 c6 5. Bg2 Be7 6. Nf3 O-O 7. Nbd2 b6 8. O-O
Bb7 9. e4 dxe4 10. Nxe4 Nbd7 11. Ne5 Rc8 12. Rd1 Nxe4 13. Nxd7 Qxd7 14. Bxe4 g6
15. Bh6 Rfd8 16. h4 f5 17. Bg2 Bf6 18. Be3 Qg7 19. Qe2 Re8 20. Rd2 e5 21. dxe5
Bxe5 22. Rad1 Qf6 23. c5 f4 24. Qc4+ Kh8 25. gxf4 Bxb2 26. Rxb2 Rxe3 27. fxe3
Qxb2 28. Rd7 Ba6 29. Qf7  1-0

[Event "20th 4NCL Congress"]
[Site "Nottingham"]
[Date "2018.09.30"]
[Round "4"]
[Board "22"]
[White "Bitlloch, Jordi"]
[Black "Murphy, Ross"]
[Result "0-1"]
[WhiteElo "1765"]
[BlackElo "1652"]
[PlyCount "40"]
[EventDate "2018.09.28"]
[EventRounds "5"]
[EventCountry "ENG"]

1. e4 Nf6 2. e5 Nd5 3. Nc3 Nxc3 4. bxc3 d6 5. Nf3 Nc6 6. d4 dxe5 7. d5 e4 8.
Ng5 Ne5 9. Bf4 Ng6 10. Qh5 Qxd5 11. Bxc7 Qc5 12. O-O-O Bd7 13. Bg3 Rc8 14. Be2
Qxc3 15. Kb1 Qxc2+ 16. Ka1 Qc3+ 17. Kb1 Qb4+ 18. Ka1 Rc2 19. Be5 Qa3 20. Nxe4
Qxa2#  0-1

[Event "20th 4NCL Congress"]
[Site "Nottingham"]
[Date "2018.09.30"]
[Round "4"]
[Board "23"]
[White "Ther, Mate"]
[Black "Swales, Andrew"]
[Result "1-0"]
[WhiteElo "1759"]
[BlackElo "1592"]
[PlyCount "61"]
[EventDate "2018.09.28"]
[EventRounds "5"]
[EventCountry "ENG"]

1. e4 e5 2. Nf3 Nc6 3. Bb5 a6 4. Ba4 Nf6 5. O-O b5 6. Bb3 Be7 7. Re1 d6 8. c3
Na5 9. Bc2 c5 10. d4 Bg4 11. d5 O-O 12. b3 Nb7 13. Nbd2 Qc7 14. Nf1 c4 15. b4
a5 16. a4 axb4 17. cxb4 bxa4 18. Bxa4 Bd7 19. Bg5 Bxa4 20. Rxa4 Qd7 21. Ra1
Rfc8 22. Qc2 Qb5 23. N1d2 Ra6 24. Qc3 Bd8 25. Rxa6 Qxa6 26. Rc1 Bb6 27. Bxf6
gxf6 28. Nh4 Bd4 29. Qh3 Rc7 30. Nf5 Qa2 31. Qh6  1-0

[Event "20th 4NCL Congress"]
[Site "Nottingham"]
[Date "2018.09.30"]
[Round "4"]
[Board "24"]
[White "Davies, Sam"]
[Black "Llewellyn, Alan M"]
[Result "1-0"]
[WhiteElo "1698"]
[BlackElo "1470"]
[PlyCount "121"]
[EventDate "2018.09.28"]
[EventRounds "5"]
[EventCountry "ENG"]

1. e4 d6 2. Nc3 Nf6 3. g3 Bg4 4. f3 Bd7 5. Bg2 c5 6. d3 Nc6 7. f4 Bg4 8. Nf3
Nd4 9. h3 Nxf3+ 10. Bxf3 Bxf3 11. Qxf3 e5 12. O-O Be7 13. fxe5 dxe5 14. Nd5 O-O
15. Nxe7+ Qxe7 16. Bg5 Qd7 17. Bxf6 gxf6 18. Kg2 c4 19. Rad1 Qa4 20. b3 Qxa2
21. bxc4 Qxc2+ 22. Rf2 Qa4 23. Qg4+ Kh8 24. Rxf6 Rg8 25. Qe2 Rg7 26. Rdf1 Rag8
27. R1f3 Qe8 28. Qb2 b6 29. R6f5 Rg5 30. Rxf7 Rxg3+ 31. Rxg3 Rxg3+ 32. Kxg3
Qg8+ $11 33. Kh2 Qxf7 34. Qxe5+ Kg8 35. Qg5+ Qg7 36. Qd8+ Qf8 37. Qd4 Qg7 38.
e5 Qe7 39. Qb2 Qg5 40. Qd4 Qe7 41. Qd5+ Qf7 42. Qd8+ Qf8 43. Qg5+ Qg7 44. Qe3
h6 45. e6 Qc7+ 46. Kg2 Qc6+ 47. Kf2 Qc5 48. Ke2 Qxe3+ 49. Kxe3 Kg7 50. d4 Kf6
51. d5 a5 52. Kd3 Ke7 53. h4 h5 54. Kc3 Kd6 55. Kd4 Ke7 56. Ke5 Kd8 57. d6 Ke8
58. Kf6 a4 59. d7+ Kd8 60. Kf7 a3 61. e7+  1-0

[Event "20th 4NCL Congress"]
[Site "Nottingham"]
[Date "2018.09.30"]
[Round "4"]
[Board "25"]
[White "Towers, Brian"]
[Black "Sheikh, Nasarullah"]
[Result "0-1"]
[WhiteElo "1727"]
[BlackElo "1701"]
[PlyCount "93"]
[EventDate "2018.09.28"]
[EventRounds "5"]
[EventCountry "ENG"]

1. d4 Nf6 2. Bf4 c5 3. d5 d6 4. Nc3 e5 5. Bg5 Be7 6. Bxf6 Bxf6 7. e4 a6 8. a4
g6 9. Nf3 Qb6 10. Qd2 O-O 11. Be2 Bg7 12. O-O Nd7 13. a5 Qd8 14. Na4 f5 15. Bd3
f4 16. b4 g5 17. bxc5 Nxc5 18. Nxc5 dxc5 19. Qc3 g4 20. Nd2 Qh4 21. Be2 Bd7 22.
Qd3 Rf6 23. Rfc1 Rh6 24. Nf1 Rf8 25. Ra3 Rf7 26. c4 Bf8 27. Bd1 f3 28. Rc2 fxg2
29. Kxg2 g3 30. Nxg3 Qh3+ 31. Kg1 Qxh2+ 32. Kf1 Bh3+ 33. Ke1 Rhf6 34. Nf1 Bxf1
35. Qxf1 Qf4 36. Re2 Bh6 37. Qh3 Rg6 38. Rg3 Bg5 39. Rg4 Qc1 40. Rc2 Qa1 41.
Qg2 Qxa5+ 42. Kf1 h6 43. f4 Qa1 44. Ke2 exf4 45. Qf3 Qd4 46. Qd3 f3+ 47. Kf1
 0-1

[Event "20th 4NCL Congress"]
[Site "Nottingham"]
[Date "2018.09.30"]
[Round "4"]
[Board "26"]
[White "Webster, Vivien"]
[Black "Wang, Susie"]
[Result "1-0"]
[WhiteElo "1727"]
[BlackElo "1490"]
[PlyCount "153"]
[EventDate "2018.09.28"]
[EventRounds "5"]
[EventCountry "ENG"]

1. d4 d5 2. c4 e6 3. Nc3 Nf6 4. e3 c5 5. cxd5 exd5 6. dxc5 Bxc5 7. Bb5+ Nc6 8.
Nge2 O-O 9. Bxc6 bxc6 10. O-O Ba6 11. Qa4 Qb6 12. b4 Bd6 13. Rb1 Bc4 14. Ba3
Be5 15. Rfe1 Rfd8 16. Qc2 Qa6 17. Qa4 Bxe2 18. Rxe2 Qd3 19. Qd1 Qxc3 20. Bb2
Qxb4 21. Bxe5 Qe7 22. Bc3 Ne4 23. Ba1 Rab8 24. Rc1 c5 25. f3 Ng5 26. Qc2 Ne6
27. Rce1 Qc7 28. f4 Qb6 29. f5 Ng5 30. h4 Ne4 31. Be5 Rb7 32. Qc1 f6 33. Rb2
Qa6 34. Bf4 Rxb2 35. Qxb2 Qa5 36. Rc1 c4 37. Qb7 Nd6 38. Qe7 Nc8 39. Qe6+ Kh8
40. h5 Qb6 41. Qf7 h6 42. Kh1 Qb2 43. Rd1 Qb6 44. Bc7 Nd6 45. Bxb6 Nxf7 46.
Bxd8 Nxd8 47. Rxd5 Nb7 48. Rd7 Nc5 49. Rc7 Nd3 50. Rxc4 Ne5 51. Rc7 a5 52. Ra7
Nc4 53. e4 Kg8 54. Kh2 Kf8 55. Kg3 Kg8 56. Kf4 Kf8 57. Rc7 Ne5 58. Rb7 Kg8 59.
Rb5 Nc4 60. Rc5 Ne5 61. Rxa5 Nd3+ 62. Ke3 Nb4 63. Ra8+ Kf7 64. Ra7+ Kg8 65. a4
Nc6 66. Ra8+ Kh7 67. a5 Nxa5 68. Rxa5 Kg8 69. Kf4 Kf7 70. e5 fxe5+ 71. Kxe5 Ke7
72. Ra7+ Kf8 73. Ke6 Kg8 74. f6 gxf6 75. Kxf6 Kh8 76. Kg6 Kg8 77. Ra8#  1-0

[Event "20th 4NCL Congress"]
[Site "Nottingham"]
[Date "2018.09.30"]
[Round "4"]
[Board "27"]
[White "Connor, Michael I"]
[Black "Chen, Daniel Xingyu"]
[Result "1/2-1/2"]
[WhiteElo "1705"]
[BlackElo "1248"]
[PlyCount "56"]
[EventDate "2018.09.28"]
[EventRounds "5"]
[EventCountry "ENG"]

1. d4 Nf6 2. c4 g6 3. g3 Bg7 4. Bg2 O-O 5. Nf3 d6 6. O-O Nbd7 7. Qc2 c5 8. Rd1
Qc7 9. b3 cxd4 10. Nxd4 Qb6 11. Bb2 Ne5 12. h3 Nc6 13. Nb5 Bf5 14. e4 Be6 15.
N1c3 a6 16. Na4 Qd8 17. Nd4 Nxd4 18. Bxd4 b5 19. Nb6 Rb8 20. c5 Nd7 21. Nxd7
Qxd7 22. c6 Qc7 23. e5 Bxe5 24. Bxe5 dxe5 25. Rac1 Rfd8 26. Re1 Bd5 27. Bxd5
Rxd5 28. Qe4 e6  1/2-1/2

[Event "20th 4NCL Congress"]
[Site "Nottingham"]
[Date "2018.09.30"]
[Round "4"]
[Board "28"]
[White "John, Adam"]
[Black "Livesey, R  Nigel"]
[Result "1/2-1/2"]
[WhiteElo "1585"]
[BlackElo "1758"]
[PlyCount "83"]
[EventDate "2018.09.28"]
[EventRounds "5"]
[EventCountry "ENG"]

1. e4 c6 2. d4 d5 3. Nc3 b5 4. e5 b4 5. Nce2 Ba6 6. Nf3 e6 7. g3 c5 8. Bg2 Nc6
9. Be3 cxd4 10. Bxd4 Nh6 11. O-O Nf5 12. Re1 Nfxd4 13. Nexd4 Qb6 14. Nxc6 Qxc6
15. Nd4 Qb6 16. Qd2 Bc5 17. Nb3 Be7 18. Rac1 O-O 19. Nd4 Rac8 20. Ne2 Rc7 21.
Bf3 h6 22. h4 Rfc8 23. Kg2 Bc5 24. Nf4 Bd4 25. Nd3 Bxd3 26. cxd3 Rxc1 27. Rxc1
Rxc1 28. Qxc1 Bxf2 29. Bh5 Qe3 30. Qc8+ Kh7 31. Bxf7 Qxg3+ 32. Kf1 Qh3+ 33. Ke2
Qe3+ 34. Kf1 Qxd3+ 35. Kg2 Qg3+ 36. Kf1 Qh3+ 37. Ke2 Qg4+ 38. Kf1 Qd1+ 39. Kg2
Qg1+ 40. Kf3 Qg3+ 41. Ke2 Qxe5+ 42. Kf1  1/2-1/2

[Event "20th 4NCL Congress"]
[Site "Nottingham"]
[Date "2018.09.30"]
[Round "4"]
[Board "29"]
[White "London, Nick J"]
[Black "Fisher, Neal"]
[Result "0-1"]
[WhiteElo "1692"]
[BlackElo "1434"]
[PlyCount "116"]
[EventDate "2018.09.28"]
[EventRounds "5"]
[EventCountry "ENG"]

1. d4 d5 2. c4 Nf6 3. Nf3 c6 4. g3 h6 5. Bg2 e6 6. O-O Be7 7. Qc2 O-O 8. Nbd2
Re8 9. b3 Nbd7 10. Bb2 Bb4 11. Rfd1 Bxd2 12. Nxd2 Rb8 13. Nf3 Ne4 14. Ne5 Ndf6
15. f3 Ng5 16. Rd2 Nd7 17. Kh1 Nxe5 18. dxe5 Qe7 19. Rad1 b6 20. f4 Nh7 21. e4
dxc4 22. Qxc4 c5 23. a4 Nf8 24. Rd6 Bb7 25. Qd3 Qc7 26. Qc3 Bc6 27. Kg1 a5 28.
R1d2 Qb7 29. Qc2 Rbc8 30. f5 exf5 31. exf5 Bxg2 32. Rxg2 b5 33. axb5 Qxb5 34.
Rd5 Qb6 35. Qc4 Red8 36. Rgd2 Rxd5 37. Rxd5 Rb8 38. Rd3 Rd8 39. Kf1 Rxd3 40.
Qxd3 a4 41. Qc3 Qxb3 42. Qxb3 axb3 43. Ke2 Nd7 44. Kd3 Nb6 45. Kc3 c4 46. Bc1
Na4+ 47. Kxc4 b2 48. Bxb2 Nxb2+ 49. Kd5 Kf8 50. Kd6 Ke8 51. e6 Nc4+ 52. Kd5
Ne3+ 53. Ke4 Nf1 54. Ke5 Nxh2 55. exf7+ Kxf7 56. Kf4 Kf6 57. g4 Nf1 58. Kf3 Kg5
 0-1

[Event "20th 4NCL Congress"]
[Site "Nottingham"]
[Date "2018.09.30"]
[Round "5"]
[Board "1"]
[White "Molano Lafuente, Ismael"]
[Black "Bowers, Francis J"]
[Result "1-0"]
[WhiteElo "1968"]
[BlackElo "1864"]
[PlyCount "117"]
[EventDate "2018.09.28"]
[EventRounds "5"]
[EventCountry "ENG"]

1. f4 e5 2. fxe5 d6 3. exd6 Bxd6 4. Nf3 Nf6 5. d4 Bf5 6. Bg5 Nbd7 7. e3 h6 8.
Bxf6 Nxf6 9. Bd3 Qd7 10. O-O Bg4 11. e4 Nh7 12. e5 Be7 13. c3 O-O-O 14. Qc2 g6
15. Be4 Be6 16. c4 Ng5 17. Nbd2 Nxf3+ 18. Nxf3 g5 19. d5 Bc5+ 20. Kh1 Bg4 21.
a3 Kb8 22. b4 Be3 23. Rae1 Bf4 24. g3 Bh3 25. Rf2 Bxg3 26. hxg3 Qg4 27. Rg1 f5
28. Bd3 Qh5 29. Nh2 Rdf8 30. Bxf5 Qf7 31. e6 Bxf5 32. exf7 Bxc2 33. Rxc2 Rxf7
34. Rf1 Rxf1+ 35. Nxf1 Kc8 36. Re2 Kd7 37. Nd2 h5 38. Ne4 g4 39. Nf6+ Kd8 40.
Kg2 b6 41. Re5 Rf8 42. Re6 a6 43. c5 bxc5 44. bxc5 a5 45. a4 h4 46. gxh4 g3 47.
Re8+ Rxe8 48. Nxe8 Kxe8 49. Kxg3 Ke7 50. Kf4 Kf6 51. h5 Kf7 52. Kf5 Kg7 53. d6
cxd6 54. c6 d5 55. c7 d4 56. c8=Q d3 57. Qd7+ Kh6 58. Qf7 d2 59. Qg6#  1-0

[Event "20th 4NCL Congress"]
[Site "Nottingham"]
[Date "2018.09.30"]
[Round "5"]
[Board "3"]
[White "Bryant, Richard Be"]
[Black "Gopakumar, Siddharth"]
[Result "1/2-1/2"]
[WhiteElo "1856"]
[BlackElo "1833"]
[PlyCount "90"]
[EventDate "2018.09.28"]
[EventRounds "5"]
[EventCountry "ENG"]

1. e4 c5 2. Nc3 Nc6 3. f4 g6 4. Nf3 Bg7 5. Bb5 Nd4 6. O-O a6 7. Bd3 d6 8. Nxd4
cxd4 9. Ne2 Nf6 10. c3 dxc3 11. dxc3 O-O 12. h3 Bd7 13. Qe1 e5 14. g4 Qb6+ 15.
Qf2 Qxf2+ 16. Rxf2 Bc6 17. Ng3 Rfe8 18. f5 d5 19. g5 Nxe4 20. Nxe4 dxe4 21. Bc4
gxf5 22. Rxf5 Re7 23. Rf1 Rd7 24. Be3 Bb5 25. Bxb5 axb5 26. Rad1 Rad8 27. Rxd7
Rxd7 28. Kh2 Rd3 29. Re1 f5 30. gxf6 Bxf6 31. Bh6 e3 32. Bxe3 Kf7 33. Re2 Ke6
34. Bh6 Kf5 35. Rf2+ Kg6 36. Bc1 e4 37. Re2 Be5+ 38. Kg2 Kf5 39. Rf2+ Ke6 40.
Re2 Kd5 41. h4 Rg3+ 42. Kf2 Rh3 43. Bg5 Bg3+ 44. Kg2 Rh2+ 45. Kf1 Rh1+  1/2-1/2

[Event "20th 4NCL Congress"]
[Site "Nottingham"]
[Date "2018.09.30"]
[Round "5"]
[Board "4"]
[White "Goldrick, Thomas G"]
[Black "Taylor, Robert K"]
[Result "1-0"]
[WhiteElo "1805"]
[BlackElo "1995"]
[PlyCount "105"]
[EventDate "2018.09.28"]
[EventRounds "5"]
[EventCountry "ENG"]

1. e4 e6 2. d3 c5 3. g3 Nc6 4. Bg2 g6 5. Nc3 Bg7 6. Be3 d6 7. Nge2 Nd4 8. Qd2
Ne7 9. O-O Rb8 10. Bh6 Nxe2+ 11. Nxe2 O-O 12. Bxg7 Kxg7 13. d4 c4 14. a4 Qc7
$11 15. Nc3 Bd7 16. Nb5 Qb6 17. Qb4 Bxb5 18. axb5 Nc6 19. Qxc4 Nxd4 20. Rfd1 e5
21. c3 Nxb5 22. Qb4 Rbc8 23. Bf1 Rc5 24. Ra5 Nxc3 25. Qxb6 axb6 26. Rxc5 Nxd1
27. Rc2 Ra8 28. Rd2 Ra1 29. Kg2 Rb1 30. Bd3 Rxb2 31. Rxd1 Kf6 32. Bc4 Ke7 33.
Bd5 f5 34. Bxb7 fxe4 35. Bxe4 Rb4 36. Kf3 b5 37. Rd3 Rb2 38. Bd5 Kf6 39. Ke3
Rb1 40. Bg8 Re1+ 41. Kd2 Rb1 42. Rxd6+ Kg7 43. Be6 b4 44. Rb6 h6 45. Ke3 Rb2
46. h3 Kf6 47. Bb3+ Kg5 48. Rxb4 h5 49. h4+ Kf6 50. Rb6+ Kg7 51. Rb7+ Kf8 52.
Bd5 Rc2 53. Be4  1-0

[Event "20th 4NCL Congress"]
[Site "Nottingham"]
[Date "2018.09.30"]
[Round "5"]
[Board "5"]
[White "Cast, Julian"]
[Black "Biermann, Florian B"]
[Result "1-0"]
[WhiteElo "1975"]
[BlackElo "1802"]
[PlyCount "61"]
[EventDate "2018.09.28"]
[EventRounds "5"]
[EventCountry "ENG"]

1. e4 c5 2. d4 cxd4 3. c3 g6 4. cxd4 d5 5. e5 Bg7 6. Nc3 Nc6 7. Be3 Nh6 8. Bd3
O-O 9. Nf3 f6 10. exf6 exf6 11. Rc1 Be6 12. O-O Nf5 13. Re1 Qd7 14. Bf4 Nd6 15.
Na4 Ne4 16. Bxe4 dxe4 17. Nc5 Qf7 18. Nxe6 Qxe6 19. d5 Qf5 20. dxc6 Qxf4 21.
Nd4 Rfe8 22. cxb7 Rab8 23. Qb3+ Kh8 24. Nc6 Bh6 25. Nxb8 Qxb8 26. Rc3 Bd2 27.
Rc8 Rxc8 28. bxc8=Q+ Qxc8 29. Rd1 Bh6 30. Qf7 f5 31. Qf6+  1-0

[Event "20th 4NCL Congress"]
[Site "Nottingham"]
[Date "2018.09.30"]
[Round "5"]
[Board "6"]
[White "Jamroz, Viktor"]
[Black "White, Ian R"]
[Result "1/2-1/2"]
[WhiteElo "1863"]
[BlackElo "1975"]
[PlyCount "48"]
[EventDate "2018.09.28"]
[EventRounds "5"]
[EventCountry "ENG"]

1. e4 e6 2. d4 d5 3. Bd3 dxe4 4. Bxe4 Nf6 5. Bf3 c5 6. Ne2 Nc6 7. Be3 Nd5 8.
Bxd5 Qxd5 9. O-O cxd4 10. Nxd4 Nxd4 11. Qxd4 Qxd4 12. Bxd4 Bd7 13. Nc3 Bc6 14.
Rad1 Be7 15. Rd3 O-O 16. Rfd1 Rfd8 17. Be3 Rxd3 18. Rxd3 b6 19. a4 Kf8 20. f3
Ke8 21. Kf2 Rd8 22. Ke2 $11 Bd6 23. h3 f5 24. b3 h6  1/2-1/2

[Event "20th 4NCL Congress"]
[Site "Nottingham"]
[Date "2018.09.30"]
[Round "5"]
[Board "7"]
[White "Bennett, Dominic L"]
[Black "Jacob, Sydney J"]
[Result "1/2-1/2"]
[WhiteElo "1933"]
[BlackElo "1838"]
[PlyCount "52"]
[EventDate "2018.09.28"]
[EventRounds "5"]
[EventCountry "ENG"]

1. f4 d5 2. b3 Nf6 3. Nf3 c5 4. Bb2 e6 5. e3 Be7 6. Be2 O-O 7. O-O Nc6 8. a4 b6
9. Na3 Bb7 10. Qe1 Rc8 11. Kh1 Nd7 12. Qg3 Bf6 13. Ne5 Ndxe5 14. fxe5 Be7 15.
Rf4 f5 16. exf6 Bxf6 17. Raf1 e5 18. Rf5 Qe7 19. e4 Nd4 $11 20. Bxd4 cxd4 21.
exd5 Bxd5 22. Bc4 Be6 $11 23. Rh5 g6 24. Re1 Bxc4 25. Nxc4 Rce8 $11 26. h3 Qg7
$11  1/2-1/2

[Event "20th 4NCL Congress"]
[Site "Nottingham"]
[Date "2018.09.30"]
[Round "5"]
[Board "8"]
[White "Smith, Lynda"]
[Black "Sudar, Dragoljub"]
[Result "1/2-1/2"]
[WhiteElo "1836"]
[BlackElo "1922"]
[PlyCount "50"]
[EventDate "2018.09.28"]
[EventRounds "5"]
[EventCountry "ENG"]

1. e4 c5 2. Nc3 Nc6 3. g3 g6 4. Bg2 Bg7 5. d3 d6 6. Be3 Rb8 7. Qd2 Bd7 8. Nge2
b5 9. O-O Qc8 10. f4 b4 11. Nd1 Bh3 12. f5 Bxg2 13. Kxg2 Qb7 14. h3 Nf6 15. Bh6
Bxh6 16. Qxh6 Ne5 17. fxg6 fxg6 18. Nf2 Nf7 19. Qd2 O-O 20. Nf4 e5 21. Ne6 Rfe8
22. Ng5 Nxg5 23. Qxg5 Qe7 24. Ng4 Nxg4 25. Qxg4 Rf8  1/2-1/2

[Event "20th 4NCL Congress"]
[Site "Nottingham"]
[Date "2018.09.30"]
[Round "5"]
[Board "9"]
[White "Nandi, Robin J"]
[Black "Cherupalli, Ramprasad"]
[Result "1/2-1/2"]
[WhiteElo "1898"]
[BlackElo "1825"]
[PlyCount "116"]
[EventDate "2018.09.28"]
[EventRounds "5"]
[EventCountry "ENG"]

1. d4 d5 2. c4 c6 3. Nf3 Nf6 4. g3 g6 5. Bg2 Bg7 6. O-O O-O 7. Nc3 Bf5 8. Qb3
b6 9. Ne5 Be6 10. cxd5 Bxd5 11. Nxd5 cxd5 12. Bf4 e6 13. Rac1 Nh5 14. Nf3 Nxf4
$11 15. gxf4 Qd6 16. e3 Nc6 17. Rc3 Rfc8 18. Rfc1 Ne7 19. Qa4 Bf6 20. Bf1 a5
21. Rxc8+ Rxc8 22. Rxc8+ Nxc8 23. Qe8+ Qf8 24. Qc6 Qd8 $11 25. Bb5 Nd6 26. Kf1
Kg7 27. Ke2 h6 28. Bd3 Nc8 29. a4 Ne7 30. Qc3 Qd6 31. Ne5 Qd8 32. b4 axb4 33.
Qxb4 Bxe5 34. fxe5 Nc6 $11 35. Qd6 Qxd6 36. exd6 Nd8 37. Kd2 Kf8 38. Kc3 Nb7
39. d7 Ke7 40. Bb5 f6 41. Kb4 g5 42. Bc6 Nd8 43. Kb5 Kd6 44. Ba8 Kc7 45. e4
dxe4 46. Bxe4 h5 47. d5 exd5 48. Bxd5 f5 49. Bg8 g4 50. Bh7 f4 51. Bf5 Nb7 52.
Be6 Nd8 53. Bd5 h4 54. Be4 g3 55. fxg3 fxg3 56. hxg3 hxg3 57. Bd5 Nf7 58. Bg2
Nd8  1/2-1/2

[Event "20th 4NCL Congress"]
[Site "Nottingham"]
[Date "2018.09.30"]
[Round "5"]
[Board "10"]
[White "Hughes, Peter"]
[Black "Dunkley, Michael"]
[Result "1/2-1/2"]
[WhiteElo "1874"]
[BlackElo "1734"]
[PlyCount "74"]
[EventDate "2018.09.28"]
[EventRounds "5"]
[EventCountry "ENG"]

1. d4 d5 2. c4 c6 3. cxd5 cxd5 4. Bf4 Nf6 5. Nc3 Nc6 6. e3 a6 7. Bd3 e6 8. Rc1
Be7 9. h3 Bd7 10. Nf3 O-O 11. O-O Qa5 12. Ne5 Rfc8 13. Bg5 Be8 14. f4 Qd8 15.
f5 Nd7 16. Bxe7 Nxe7 17. Nxd7 Qxd7 18. f6 Ng6 19. h4 gxf6 20. h5 Nf8 21. Qg4+
Kh8 22. Rxf6 e5 23. Qg3 e4 24. Qe5 Qc7 25. Rd6+ f6 26. Qxf6+ Qg7 27. Qxg7+ Kxg7
28. Be2 Bf7 29. Bg4 Rc6 30. Rxc6 bxc6 31. Na4 Be8 32. Nc5 Kf6 33. Rf1+ Ke7 34.
Kh2 a5 35. b3 h6 36. Kg3 Ra7 37. Rf2 Nh7  1/2-1/2